| 000 -LEADER |
| fixed length control field |
00399nam a2200157Ia 4500 |
| 003 - CONTROL NUMBER IDENTIFIER |
| control field |
OSt |
| 005 - DATE AND TIME OF LATEST TRANSACTION |
| control field |
20260304193025.0 |
| 008 - FIXED-LENGTH DATA ELEMENTS--GENERAL INFORMATION |
| fixed length control field |
260210s9999 xx 000 0 und d |
| 020 ## - INTERNATIONAL STANDARD BOOK NUMBER |
| International Standard Book Number |
9781138575257 |
| 100 ## - MAIN ENTRY--PERSONAL NAME |
| Personal name |
Rachel Armstrong |
| 245 #0 - TITLE STATEMENT |
| Title |
xperimental Architecture: Designing the Unknown |
| 260 ## - PUBLICATION, DISTRIBUTION, ETC. (IMPRINT) |
| Name of publisher, distributor, etc |
Routledge (Taylor & Francis Ltd) |
| 260 ## - PUBLICATION, DISTRIBUTION, ETC. (IMPRINT) |
| Date of publication, distribution, etc |
2019 |
| 300 ## - PHYSICAL DESCRIPTION |
| Extent |
206 pp., |
| 942 ## - ADDED ENTRY ELEMENTS (KOHA) |
| Item type |
UG Books |
| Source of classification or shelving scheme |
|